| 000 | 00424cam a2200157ua 4500 | ||
|---|---|---|---|
| 003 | OSt | ||
| 008 | 210920b ||||| |||| 00| 0 eng d | ||
| 082 |
_a630.1076 _bGAR/QU |
||
| 100 |
_aGarg, M K . _95102 |
||
| 245 | _aQuestion bank on agricultural and food engineering / | ||
| 250 | _a9 / | ||
| 260 |
_aNewdelhi : _bRelience publishers , _c2016. |
||
| 300 | _a236 ; . | ||
| 700 | 1 |
_aChandra, Pitam . _91994 |
|
| 942 | _cBK | ||
| 999 |
_c15384 _d15384 |
||